000 00697nam a22002297a 4500
005 20170124110033.0
010 _a744694
020 _c00.00
035 _a744694
037 _bCen Lib/Ret
040 _aDPL
_bEN
082 _a378.99
_bPAR
100 _aParadis, Adrian A.
_922079
245 _aReclaiming the earth :
_cby Adrian A. Paradis
_bjobs that help improve the environment /
260 _aNew York
_bDavid Mckay Company, Inc
_c1971
270 _bNew York
300 _axii, 180p.
_c19cm(Hb)
500 _aIncludes bibliographical references and index
650 _aEducation
_91169
650 _aJobs environment
_922080
942 _2ddc
_cEN
_h378.99
_mPAR
999 _c127980
_d127980